01131nam a2200301 a 450000100060000000300080000600500170001400800390003103500190007004000320008904100080012108200240012910000420015324500890019525000120028426000690029630000330036549000480039850000200044650400300046665000330049665000410052965000360057083000560060694200120066299900170067495201380069172618BD-RjUL20211209082304.0170521r19631960enka b 001 0 eng a(BD-RjUL)72836 aDLCcDLCdUKMdBD-RjULbeng aeng00a571.5bBAC 19632231 aBaker, John Randal,d1900-198493631010aCytological technique :bthe principles underlying routine methods /cJohn R. Baker. a4th ed. aLondon :bMethuen ;aNew York ;bWiley,cc1960 [Reprinted 1963]. axv, 150 p. :bill. ;c20 cm.0 aMethuen's monographs on biological subjects aIncludes index. aBibliography: p. 136-144. 0aHistologyxTechnique.935366 0aCytologyxLaboratory manuals.935955 2aHistological Techniques.936311 0aMethuen's monographs on biological subjects9200965 2ddccBK c72618d72618 00102ddc40718NFICaRUCLbRUCLcReadingd1964-06-01eZetlingerg15.00l0o571.5 BAC 1963r2017-05-21 00:00:00tC-1w2017-05-21yBK